000 00572nam a2200229Ia 4500
003 OSt
005 20220918231523.0
006 a|||||r|||| 00| 0
007 ta
008 220917b |||||||| |||| 00| 0 eng d
024 _a303,935
037 _cTextual
040 _aARTS
_cARTS
_beng
041 _2eng
_aeng
082 _aP35:35, K1
100 _aKrishnamurti Bhadriraju
_9154900
245 0 _aTelugu verbal bases
260 _c1961
650 _aLINGUISTICS
942 _hP35:35, K1
_cTEXL
_2CC
999 _c291511
_d291511